| 000 | 00479nam a22001937a 4500 | ||
|---|---|---|---|
| 003 | MPLRDC | ||
| 005 | 20220104123318.0 | ||
| 008 | 210129b ||||| |||| 00| 0 eng d | ||
| 020 | _a7-108-00231-0 | ||
| 082 | _a947.411 CZZ-6 v.3 | ||
| 100 | _a蔡志忠 | ||
| 245 |
_a庄子说: 自然的箫声 _c |
||
| 250 | _a一版六刷 | ||
| 260 |
_a _b三联书店 _c1990 |
||
| 300 | _b平 | ||
| 490 | _a蔡志忠漫画 | ||
| 650 | _a蔡志忠漫画 | ||
| 942 |
_cBK _o947.411 CZZ-6 v.3 |
||
| 999 |
_c10316 _d10306 |
||